| 000 | 00418nam a2200157Ia 4500 | ||
|---|---|---|---|
| 008 | 240126s9999 xx 000 0 und d | ||
| 022 | _a0974-8334 | ||
| 041 | _aEnglish | ||
| 082 | _aLIBRARY-MBA | ||
| 245 | 0 | _aJournal of Science, Technology and Management | |
| 260 |
_bMar Athanasios college of advanced studies _aKerala |
||
| 440 | _aNULL | ||
| 520 | _aexchange | ||
| 650 | _aScience,,Management | ||
| 942 | _cJN | ||
| 999 |
_c276254 _d276254 |
||